Povinnosti zamestnávateľa na pracovisku v chladnom počasí

Tento článok poukazuje na povinnosti zamestnávateľov týkajúce sa teploty na pracovisku v chladnom období v súlade s aktuálnou zákonnou úpravou.

Salvato in:
Dettagli Bibliografici
Autore principale: Mičudová, Tatiana
Natura: Capitolo di libro
Lingua:slovacco
Soggetti:
Tags: Aggiungi Tag
Nessun Tag, puoi essere il primo ad aggiungerne!!

MARC

LEADER 00000naa a2200000 4500
001 0306663
005 20250204122031.0
041 0 |a slo 
044 |a SK 
245 1 0 |a Povinnosti zamestnávateľa na pracovisku v chladnom počasí  |c Tatiana Mičudová 
520 |a Tento článok poukazuje na povinnosti zamestnávateľov týkajúce sa teploty na pracovisku v chladnom období v súlade s aktuálnou zákonnou úpravou. 
610 2 0 |a zamestnávatelia 
610 2 0 |a pracovisko 
610 2 0 |a podmienky pracovné sťažené 
610 2 0 |a zákonodarstvo 
610 2 0 |a zákonník práce 
610 2 0 |a personalistika 
100 1 |a Mičudová, Tatiana